Разработка геометрии контроля экрано-защитного покрытия; Ресурсоэффективные системы в управлении и контроле: взгляд в будущее; Ч. 1

Xehetasun bibliografikoak
Parent link:Ресурсоэффективные системы в управлении и контроле: взгляд в будущее: сборник научных трудов III Международной конференции школьников, студентов, аспирантов, молодых ученых, 06 - 11 октября 2014 г./ Национальный исследовательский Томский политехнический университет (ТПУ).— , 2014
Ч. 1.— 2014.— [С. 107-109]
Egile nagusia: Кирюшкин Т. С.
Erakunde egilea: Национальный исследовательский Томский политехнический университет (ТПУ) Институт неразрушающего контроля (ИНК) Кафедра физических методов и приборов контроля качества (ФМПК)
Beste egile batzuk: Капранов Б. И. Борис Иванович (научный руководитель)
Gaia:Заглавие с титульного экрана
Hizkuntza:errusiera
Argitaratua: 2014
Saila:Современные технологии в неразрушающем контроле
Gaiak:
Sarrera elektronikoa:http://www.lib.tpu.ru/fulltext/c/2014/C47/V1/030.pdf
Formatua: MixedMaterials Baliabide elektronikoa Liburu kapitulua
KOHA link:https://koha.lib.tpu.ru/cgi-bin/koha/opac-detail.pl?biblionumber=611148

MARC

LEADER 00000naa2a2200000 4500
001 611148
005 20231101132637.0
035 |a (RuTPU)RU\TPU\conf\8854 
035 |a RU\TPU\conf\8842 
090 |a 611148 
100 |a 20150226d2014 k y0rusy50 ca 
101 0 |a rus 
102 |a RU 
105 |a y z 101zy 
135 |a drgn ---uucaa 
181 0 |a i  
182 0 |a b 
200 1 |a Разработка геометрии контроля экрано-защитного покрытия  |f Т. С. Кирюшкин  |g науч. рук. Б. И. Капранов 
203 |a Текст  |c электронный 
225 1 |a Современные технологии в неразрушающем контроле 
230 |a 1 компьютерный файл (pdf; 413 Kb) 
300 |a Заглавие с титульного экрана 
320 |a [Библиогр.: с. 109 (3 назв.)] 
337 |a Adobe Reader 
461 1 |0 (RuTPU)RU\TPU\conf\8514  |t Ресурсоэффективные системы в управлении и контроле: взгляд в будущее  |o сборник научных трудов III Международной конференции школьников, студентов, аспирантов, молодых ученых, 06 - 11 октября 2014 г.  |o в 4 ч.  |f Национальный исследовательский Томский политехнический университет (ТПУ)  |d 2014 
463 0 |0 (RuTPU)RU\TPU\conf\8516  |t Ч. 1  |v [С. 107-109]  |d 2014 
610 1 |a труды учёных ТПУ 
610 1 |a электронный ресурс 
610 1 |a геометрия 
610 1 |a контроль 
610 1 |a защитные покрытия 
610 1 |a экрано-защитные покрытия 
610 1 |a ионизирующее излучение 
700 1 |a Кирюшкин  |b Т. С. 
702 1 |a Капранов  |b Б. И.  |c российский учёный в области физических методов и приборов контроля качества  |c профессор Томского политехнического университета  |g Борис Иванович  |2 stltpush  |4 727 
712 0 2 |a Национальный исследовательский Томский политехнический университет (ТПУ)  |b Институт неразрушающего контроля (ИНК)  |b Кафедра физических методов и приборов контроля качества (ФМПК)  |h 68  |2 stltpush  |3 (RuTPU)RU\TPU\col\18709 
801 2 |a RU  |b 63413507  |c 20150226  |g RCR 
856 4 |u http://www.lib.tpu.ru/fulltext/c/2014/C47/V1/030.pdf 
942 |c BK